[Event "Niederbayernliga 1112"]
[White "Senff, Rudolf"]
[Black "Wist, Dieter"]
[Site "Bayern"]
[Round "3"]
[Result "1/2-1/2"]
[Date "2011.??.??"]
[WhiteElo "1718"]
[BlackElo "1782"]
[PlyCount "81"]
[EventDate "2011.10.??"]
[EventType "team-tourn"]
[EventRounds "9"]
[EventCountry "GER"]
[SourceTitle "EXT 2023"]
[Source "ChessBase"]
[SourceDate "2022.10.05"]
[SourceVersion "1"]
[SourceVersionDate "2022.10.05"]
[SourceQuality "1"]
[WhiteTeam "Landau Dingolfing"]
[BlackTeam "Ergolding"]
[WhiteTeamCountry "GER"]
[BlackTeamCountry "GER"]

1. Nf3 d5 2. g3 Nf6 3. Bg2 g6 4. 0-0 Bg7 5. d3 0-0 6. Nbd2 Re8 7. e4 e5 8. exd5 Nxd5 9. Re1 Nb6 10. Qe2 Nc6 11. Nb3 Bf5 12. Nh4 Bc8 13. h3 Qd6 14. Nf3 Bd7 15. Ng5 f5 16. h4 a5 17. c3 a4 18. Nd2 Rad8 19. Nf1 h6 20. Nh3 Bc8 21. Rd1 Ne7 22. Qc2 c5 23. b3 axb3 24. axb3 Nc6 25. Bb2 f4 26. Kh2 Qf6 27. Qe2 Rf8 28. gxf4 Bxh3 29. Kxh3 Qxf4 30. Rd2 Bf6 31. Qg4 Qxg4+ 32. Kxg4 Be7 33. Be4 Rf4+ 34. Kh3 Rdf8 35. f3 Rxh4+ 36. Kg3 Rhf4 37. Ne3 Bg5 38. Nd5 Rxe4 39. dxe4 Bxd2 40. Nxb6 Be3 41. Ra4 1/2-1/2

[Event "Niederbayernliga 0809"]
[White "Wist, Dieter"]
[Black "Krause, Karl Heinz"]
[Site "Germany"]
[Round "2.4"]
[Result "1/2-1/2"]
[Date "2008.10.26"]
[WhiteElo "1834"]
[BlackElo "1483"]
[PlyCount "24"]
[EventDate "2008.10.05"]
[EventType "tourn"]
[EventRounds "9"]
[EventCountry "GER"]
[SourceTitle "EXT 2010"]
[Source "ChessBase"]
[SourceDate "2010.11.25"]
[SourceVersion "1"]
[SourceVersionDate "2010.11.25"]
[SourceQuality "1"]
[WhiteTeam "Ergolding"]
[BlackTeam "Adlkofen"]
[WhiteTeamCountry "GER"]
[BlackTeamCountry "GER"]

1. e4 e6 2. d4 d5 3. exd5 exd5 4. Bd3 Nf6 5. Bg5 Be7 6. Ne2 Ne4 7. Bxe7 Qxe7 8. 0-0 0-0 9. Nbc3 c6 10. Re1 Nxc3 11. Nxc3 Qg5 12. Qf3 Qg4 1/2-1/2

[Event "Niederbayernliga 0607"]
[White "Wist, Dieter"]
[Black "Wolf, Andreas"]
[Site "Germany"]
[Round "7.3"]
[Result "0-1"]
[Date "2007.??.??"]
[WhiteElo "1841"]
[BlackElo "1858"]
[PlyCount "98"]
[EventDate "2006.??.??"]
[EventType "team-tourn"]
[EventRounds "9"]
[EventCountry "GER"]
[SourceTitle "EXT 2008"]
[Source "ChessBase"]
[SourceDate "2007.11.25"]
[SourceVersion "1"]
[SourceVersionDate "2007.11.25"]
[SourceQuality "1"]
[WhiteTeam "Ergolding"]
[BlackTeam "Grafenau"]
[WhiteTeamCountry "GER"]
[BlackTeamCountry "GER"]

1. e4 e5 2. Nf3 Nc6 3. Bb5 a6 4. Ba4 d6 5. 0-0 Bg4 6. h3 h5 7. Bxc6+ bxc6 8. d3 Qf6 9. Kh2 Be7 10. Be3 g5 11. Nbd2 Qg7 12. Qe1 f5 13. exf5 Bxf5 14. Ng1 Nf6 15. d4 exd4 16. Bxd4 Ng4+ 17. hxg4 hxg4+ 18. Kg3 Qxd4 19. Qe3 Qf6 20. Rae1 Kd7 21. f3 d5 22. Qxe7+ Qxe7 23. Rxe7+ Kxe7 24. fxg4 Bxc2 25. Rc1 Rh1 26. Rxc2 Rxg1 27. Nf3 Rb1 28. Nxg5 Kd7 29. Nf3 Kd6 30. g5 c5 31. Kg4 d4 32. b3 a5 33. g6 a4 34. Nd2 axb3 35. axb3 Re1 36. Nf3 Re6 37. Nh4 Re4+ 38. Kg5 Re5+ 39. Kg4 Ke6 40. Nf3 Rd5 41. Re2+ Kf6 42. Nh4 Rg5+ 43. Kf4 d3 44. Rd2 Rd8 45. Ke3 Re5+ 46. Kf3 Rd4 47. g3 Re1 48. Kf2 Rb1 49. Kg2 Rd7 0-1

[Event "Niederbayernliga 0607"]
[White "Wist, Dieter"]
[Black "Mauritz, Guenther"]
[Site "Germany"]
[Round "2.3"]
[Result "1-0"]
[Date "2006.??.??"]
[WhiteElo "1841"]
[BlackElo "1900"]
[PlyCount "49"]
[EventDate "2006.??.??"]
[EventType "team-tourn"]
[EventRounds "9"]
[EventCountry "GER"]
[SourceTitle "EXT 2008"]
[Source "ChessBase"]
[SourceDate "2007.11.25"]
[SourceVersion "1"]
[SourceVersionDate "2007.11.25"]
[SourceQuality "1"]
[WhiteTeam "Ergolding"]
[BlackTeam "Vilshofen"]
[WhiteTeamCountry "GER"]
[BlackTeamCountry "GER"]

1. e4 e5 2. Nf3 Nc6 3. Bb5 a6 4. Ba4 d6 5. 0-0 Nge7 6. d4 b5 7. Bb3 Nxd4 8. Nxd4 exd4 9. f4 Bb7 10. e5 dxe5 11. fxe5 Nd5 12. Qxd4 c5 13. Qf2 Qd7 14. c4 Nb6 15. Nd2 Rc8 16. Kh1 Rc7 17. cxb5 c4 18. bxa6 Bc5 19. axb7 Bxf2 20. b8Q+ Ke7 21. Qxh8 cxb3 22. Qxg7 Rxc1 23. Raxc1 Qxd2 24. Qf6+ Ke8 25. Qxf2 1-0

[Event "Niederbayernliga 0506"]
[White "Reisinger, Georg"]
[Black "Wist, Dieter"]
[Site "Germany"]
[Round "4"]
[Result "1/2-1/2"]
[Date "2005.??.??"]
[WhiteElo "1740"]
[BlackElo "1790"]
[PlyCount "49"]
[EventDate "2005.??.??"]
[EventType "team-tourn"]
[EventRounds "9"]
[EventCountry "GER"]
[SourceTitle "EXT 2008"]
[Source "ChessBase"]
[SourceDate "2007.11.25"]
[SourceVersion "1"]
[SourceVersionDate "2007.11.25"]
[SourceQuality "1"]
[WhiteTeam "Deggendorf II"]
[BlackTeam "Ergolding"]
[WhiteTeamCountry "GER"]
[BlackTeamCountry "GER"]

1. e4 c5 2. Nf3 e6 3. Be2 Nc6 4. 0-0 Nf6 5. Nc3 Be7 6. d4 cxd4 7. Nxd4 0-0 8. a3 d5 9. exd5 Nxd5 10. Nxd5 Qxd5 11. Nxc6 Qxc6 12. Bf3 Qc7 13. Be3 Bf6 14. c3 Bd7 15. Be4 Bc6 16. Qf3 Bxe4 17. Qxe4 b6 18. Bf4 Qc5 19. Rad1 Rad8 20. Qb7 Qb5 21. Bc1 Qa4 22. Qf3 Qb3 23. Qe2 h6 24. h3 Rfe8 25. Be3 1/2-1/2

[Event "Niederbayernliga 0405"]
[White "Wist, Dieter"]
[Black "Okolowitz, Herbert Sr"]
[Site "Germany"]
[Round "6"]
[Result "1/2-1/2"]
[Date "2005.??.??"]
[WhiteElo "1533"]
[BlackElo "1373"]
[PlyCount "82"]
[EventDate "2004.??.??"]
[EventType "team-tourn"]
[EventRounds "9"]
[EventCountry "GER"]
[SourceTitle "EXT 2008"]
[Source "ChessBase"]
[SourceDate "2007.11.25"]
[SourceVersion "1"]
[SourceVersionDate "2007.11.25"]
[SourceQuality "1"]
[WhiteTeam "Ergolding"]
[BlackTeam "Freyung"]
[WhiteTeamCountry "GER"]
[BlackTeamCountry "GER"]

1. e4 d6 2. d4 g6 3. Nf3 Bg7 4. Be2 Nc6 5. 0-0 Nf6 6. Nc3 0-0 7. Be3 a6 8. h3 Qe8 9. d5 Ne5 10. Nxe5 dxe5 11. f3 Nh5 12. Kh2 Nf4 13. Qd2 Nxe2 14. Nxe2 f5 15. Qc3 f4 16. Bf2 c6 17. dxc6 Qxc6 18. Qxc6 bxc6 19. Bc5 Bf6 20. Rad1 Be6 21. b3 Rfd8 22. Nc3 Rxd1 23. Rxd1 a5 24. Na4 Kf7 25. Kg1 h5 26. Kf2 g5 27. Ba3 g4 28. Nc5 gxh3 29. Nxe6 Bh4+ 30. Ke2 hxg2 31. Nd8+ Rxd8 32. Rg1 Rg8 33. Bc5 Ke6 34. Bb6 c5 35. a3 Kd7 36. Bxc5 Rc8 37. b4 axb4 38. axb4 Rg8 39. c4 Ra8 40. Rxg2 Ra2+ 41. Kf1 Ra1+ 1/2-1/2

[Event "Niederbayernliga 0405"]
[White "Wist, Dieter"]
[Black "Angermeier, Gerhard"]
[Site "Germany"]
[Round "1"]
[Result "1/2-1/2"]
[Date "2004.??.??"]
[WhiteElo "1533"]
[BlackElo "1698"]
[PlyCount "85"]
[EventDate "2004.??.??"]
[EventType "team-tourn"]
[EventRounds "9"]
[EventCountry "GER"]
[SourceTitle "EXT 2008"]
[Source "ChessBase"]
[SourceDate "2007.11.25"]
[SourceVersion "1"]
[SourceVersionDate "2007.11.25"]
[SourceQuality "1"]
[WhiteTeam "Ergolding"]
[BlackTeam "Eggenfelden"]
[WhiteTeamCountry "GER"]
[BlackTeamCountry "GER"]

1. d4 g6 2. c4 Bg7 3. Nf3 Nf6 4. Nc3 0-0 5. Bf4 d6 6. e3 Nbd7 7. Be2 Re8 8. 0-0 Nh5 9. Bg3 c6 10. Rc1 Ndf6 11. b3 Ng4 12. Nd2 Nxg3 13. hxg3 Nh6 14. Nf3 Qa5 15. Qd2 Bg4 16. Ne4 Qxd2 17. Nexd2 e5 18. Bd1 exd4 19. Nxd4 Bxd4 20. exd4 Bxd1 21. Rcxd1 Re2 22. Rfe1 Rae8 23. Kf1 R2e6 24. Rxe6 fxe6 25. Ne4 Rd8 26. Ng5 Nf5 27. Nxe6 Re8 28. Ng5 h6 29. Nf3 Kf7 30. g4 Ng7 31. Re1 Rxe1+ 32. Kxe1 Ne6 33. Kd2 Kf6 34. Ke3 Nc7 35. g3 a6 36. Nd2 d5 37. Nf3 Ne6 38. Ne5 Kg7 39. f4 Kf6 40. cxd5 cxd5 41. Nd3 Ke7 42. Nc5 Nd8 43. f5 1/2-1/2